01784nam a22003974a 4500001001200000003000800012006001900020007001500039008004100054010001700095020003100112020002800143040002100171035002100192043003000213050002400243082002200267100002100289245013700310260004300447300004000490490004200530504006400572533015200636610002400788650005300812650006400865650006000929650008000989650007601069655002901145710001701174830005201191856012601243999001701369ebr10225137CaPaEBRm u cr cn|||||||||070504s2007 nyuabd sb 001 0 eng  z 2007018686 z9781593321505 (alk. paper) z1593321503 (alk. paper) aCaPaEBRcCaPaEBR a(OCoLC)608569686 an-mx---an-us---an-ust--14aJV6483b.G84 2007eb04a363.28/5097212221 aGuerette, Rob T.10aMigrant deathh[electronic resource] :bborder safety and situational crime prevention on the U.S.-Mexico divide /cRob T. Guerette. aNew York :bLFB Scholarly Pub.,c2007. axiii, 181 p. :bill., maps, charts.1 aCriminal justice : recent scholarship aIncludes bibliographical references (p. 169-178) and index. aElectronic reproduction.bPalo Alto, Calif. :cebrary,d2013.nAvailable via World Wide Web.nAccess may be limited to ebrary affiliated libraries.20aU.S. Border Patrol. 0aBorder securityzMexican-American Border Region. 0aIllegal aliensxProtectionzMexican-American Border Region. 0aImmigrantsxProtectionzMexican-American Border Region. 0aIllegal aliensxCrimes againstzMexican-American Border RegionxPrevention. 0aImmigrantsxCrimes againstzMexican-American Border RegionxPrevention. 7aElectronic books.2local2 aebrary, Inc. 0aCriminal justice (LFB Scholarly Publishing LLC)40uhttp://site.ebrary.com/lib/rucke/Doc?id=10225137zAn electronic book accessible through the World Wide Web; click to view c40748d40748